Právna úprava splynutia a zlúčenia akciových spoločností v Slovenskej republike
Krátka charakteristika osobitnej úpravy splynutia a zlúčenia akciových spoločností podľa právneho poriadku SR, ktorý transponoval ustanovenia šiestej a tretej smernice o fúziách a rozdeleniach kapitálových spoločností. Právna úprava zlúčenia a splynutia akciovej spoločnosti. Zmluva o splynutí alebo...
Salvato in:
| Autore principale: | |
|---|---|
| Altri autori: | |
| Natura: | Capitolo di libro |
| Lingua: | slovacco |
| Soggetti: | |
| Tags: |
Nessun Tag, puoi essere il primo ad aggiungerne!!
|
MARC
| LEADER | 00000naa$a2200000$$$4500 | ||
|---|---|---|---|
| 001 | 0249956 | ||
| 005 | 20240502083712.8 | ||
| 041 | 0 | |a slo | |
| 044 | |a CZ | ||
| 245 | 1 | 0 | |a Právna úprava splynutia a zlúčenia akciových spoločností v Slovenskej republike |c Eduard Hyránek, Petronela Kohárová |
| 520 | |a Krátka charakteristika osobitnej úpravy splynutia a zlúčenia akciových spoločností podľa právneho poriadku SR, ktorý transponoval ustanovenia šiestej a tretej smernice o fúziách a rozdeleniach kapitálových spoločností. Právna úprava zlúčenia a splynutia akciovej spoločnosti. Zmluva o splynutí alebo zlúčení. Založenie nástupníckej spoločnosti. Ochrana veriteľov a majiteľov osobitných cenných papierov v procese fúzie. Práva akcionárov. | ||
| 610 | 2 | 0 | |a právo |
| 610 | 2 | 0 | |a právo obchodné |
| 610 | 2 | 0 | |a zákony |
| 610 | 2 | 0 | |a spoločnosti akciové |
| 610 | 2 | 0 | |a spoločnosti kapitálové |
| 610 | 2 | 0 | |a akcionári |
| 610 | 2 | 0 | |a fúzie |
| 610 | 2 | 0 | |a Slovensko |
| 610 | 2 | 0 | |a Európska únia |
| 100 | 1 | |a Hyránek, Eduard, 1955- | |
| 700 | 1 | |a Kohárová, Petronela | |